Statistics for Czech Republic Country Quiz

Click here to take the quiz!

General Stats

  • This quiz has been taken 18,171 times
    (17,168 since last reset)
  • The average score is 14 of 21

Answer Stats

HintAnswer% Correct
Capital cityPrague
99%
Neighboring countriesGermany
97%
Neighboring countriesSlovakia
96%
Neighboring countriesAustria
95%
Neighboring countriesPoland
94%
Country it was part of until 1993Czechoslovakia
91%
Largest region (hint: Queen song)Bohemia
84%
Country that invaded in 1968Soviet Union
79%
Short version of the country nameCzechia
78%
Ethnic group that includes Czechs,
Poles, and Serbs
Slavs
74%
Empire it was part of, 1002-1806Holy Roman
Empire
63%
City that is famous for its
beer (starts with P)
Plzeň
58%
Largest automakerŠkoda Auto
56%
Author of disturbing books like
"The Metamorphosis"
Franz Kafka
55%
Most popular sport (other than football)Ice Hockey
51%
Famous bridge in that cityCharles Bridge
50%
Act of throwing someone out of a window.
Famously happened in 1419 and 1618.
Defenestration
48%
Anthropomorphic but dumb
clay monster of Jewish folklore
Golem
45%
CurrencyKoruna
41%
River that rises in the Krkonoše Mountains
and enters the North Sea in Germany
Elbe
38%
Writer who served as President
from 1993 to 2003
Václav Havel
33%

Score Distribution

Percentile by Number Answered

Percent of People with Each Score

Your Score History

You have not taken this quiz since the last reset